[Event "Leuven GCT rapid"]
[Site "Leuven"]
[Date "2016.06.18"]
[Round "7"]
[White "Giri, Anish"]
[Black "Carlsen, Magnus"]
[Result "0-1"]
[WhiteElo "2782"]
[BlackElo "2855"]
[Annotator "Roiz,M"]
[PlyCount "46"]
[EventDate "2016.06.17"]
[EventType "tourn (rapid)"]
[EventRounds "9"]
[EventCountry "BEL"]
[EventCategory "22"]
[SourceTitle "CBM 173"]
[Source "ChessBase"]
[SourceDate "2016.07.12"]
[SourceVersion "1"]
[SourceVersionDate "2016.07.12"]
[SourceQuality "1"]

1. e4 c6 2. d4 d5 3. e5 Bf5 4. Nf3 e6 5. Be2 Bb4+ {Quite a rare move, but
Magnus already had some experience (not really positive) in this line before.}
6. c3 ({His previous game} 6. Nbd2 Nd7 7. O-O Ba5 8. Nb3 Bc7 9. Ne1 f6 ({
Perhaps,} 9... Ne7 $5 {is a definite improvement.}) 10. Bh5+ g6 11. Be2 g5 12.
Bd3 Bg6 13. exf6 Qxf6 14. Qg4 $36 {Sjugirov,S - Carlsen,M / Khanty-Mansiysk
2010, White has got a dangerous initiative and eventually won the game.}) 6...
Ba5 7. O-O Nd7 8. a4 $146 {Anish comes up with an interesting novelty: this
advance yields White an additional opportunity of developing the knight via a3.
} (8. Nbd2 {was recently tested on the top level as well:} Bc7 9. Re1 (9. Ne1
Ne7 10. Nd3 O-O 11. Nf3 h6 $11 {Grischuk,A - Andreikin,D / ICC INT 2016}) 9...
h6 10. Nf1 Ne7 11. Ng3 Bg6 12. Nh4 Bh7 13. f4 c5 14. Bd3 $14 {1-0 (35)
Grischuk,A - Andreikin,D ICC INT 2016}) 8... Bc7 (8... Ne7 $6 {can be
effectively met by} 9. Nh4 $1 c5 10. Nxf5 Nxf5 11. Bd3 $36) 9. Nbd2 {This move
seems inaccurate: now Black is able to challenge the centre, so the artificial
manoeuvre Bb4-a5-c7 is justified.} ({The correct move was} 9. Re1 $1 {now
White is well prepared for} f6 (9... h6 10. Nbd2 Ne7 11. Nf1 O-O 12. Ng3 Bg6
13. b4 $14 {offers White a pleasant space advantage}) 10. Bd3 Bxd3 11. exf6
Qxf6 12. Qxd3 h6 13. Qe2 $36) 9... f6 10. Re1 (10. exf6 {doesn't pose Black
any problems:} Ngxf6 11. Nh4 O-O 12. f4 Ne4 13. Nxf5 exf5 $11) 10... Nh6 (10...
fxe5 11. Nxe5 Nxe5 12. dxe5 Ne7 13. Bh5+ Bg6 $132) 11. Nf1 fxe5 12. dxe5 ({
The intermediate} 12. Bg5 {could bother Black too:} Qb8 $1 13. Bxh6 gxh6 14.
Nxe5 Nxe5 15. dxe5 O-O $132) 12... O-O 13. Bxh6 gxh6 14. Qd4 $2 {This awkward
way of protecting the central pawn is a serious concession.} ({It was possible
to maintain the balance by means of} 14. Ng3 $1 Nxe5 ({After} 14... Bg6 15. Nd4
Qe7 16. Bg4 Nxe5 17. Nxe6 Rf6 18. Nxc7 Qxc7 19. Nh5 {White's position is not
worse, at the least}) 15. Nxe5 Bxe5 16. Nxf5 exf5 17. Bd3 Qf6 18. Qf3 $11 {
In the subsequent position with bishops of different colours Black's extra
pawn is of a symbolic value.}) 14... Be4 {As a result, the Pe5 would fall in a
worse situation.} 15. Ng3 ({In case of} 15. N1d2 Bb6 16. Qb4 a5 17. Qd6 Bf5 $1
18. Qa3 Qb8 $1 19. Bf1 Qa7 $17 {White would lose a pawn anyway.}) 15... c5 ({
Another decent way of collecting the pawn was} 15... Bxf3 $5 16. Bxf3 Qg5 17.
h4 Qg6 18. Bh5 Qg7 19. Qg4 Qxg4 20. Bxg4 Rae8 $17) 16. Qe3 Bxf3 17. Bxf3 Qg5 $5
{Magnus reasonably prefers to simplify matters.} (17... Nxe5 18. Bg4 Qf6 19.
Bh3 Rae8 $17) 18. Qxg5+ $2 {Alas, Anish fails to provide proper resistance -
there was no reason for improving Black's pawn structure.} (18. Rad1 Qxe3 19.
Rxe3 Nxe5 20. Bh5 c4 $17) 18... hxg5 19. Bg4 Rae8 20. Re2 Nxe5 21. Bh5 Rd8 22.
Rd1 ({The most stubborn was} 22. b3 Kg7 23. h3 Rf6 24. Rd1 {and Black still
has to find a way to make progress.}) 22... c4 $1 {Now Black manages to secure
an excellent spot in the opponent's camp.} 23. Nf1 Nd3 ({White resigns in view
of} 23... Nd3 24. Rxe6 Nxb2 25. Rb1 Nxa4 26. Rxb7 Nc5 $19) 0-1

[Event "Leuven GCT rapid"]
[Site "Leuven"]
[Date "2016.06.18"]
[Round "8"]
[White "Carlsen, Magnus"]
[Black "Anand, Viswanathan"]
[Result "1-0"]
[WhiteElo "2855"]
[BlackElo "2770"]
[Annotator "Nielsen,Peter Heine"]
[PlyCount "75"]
[EventDate "2016.06.17"]
[EventType "tourn (rapid)"]
[EventRounds "9"]
[EventCountry "BEL"]
[EventCategory "22"]
[SourceTitle "CBM 173"]
[Source "ChessBase"]
[SourceDate "2016.07.12"]
[SourceVersion "1"]
[SourceVersionDate "2016.07.12"]
[SourceQuality "1"]

{Vishy came fresh from Leon, with an impressive victory, and his good form
continued in Leuven where he took an early lead. Magnus finished day one on a
very low note, with 2 losses, but managed to recover on day 2, to this point
with 2 wins, and with this game managed to take a lead, he would never again
relinquish:} 1. e4 e5 2. Nf3 Nc6 3. Bc4 $5 {All the rage. The Italian game
used to be considered dull and drawish, but these days with the Berlin being
excactly that, old evaluations have to be reconsidered, and Vishy even had
this position as many as 8(!) times in the tournament.} Bc5 4. O-O Nf6 5. d3 d6
(5... O-O $5 {used to be considered interesting, the idea being:} 6. c3 d5 $5
7. exd5 Nxd5 {when Black is supposed to have active play with his pieces,
compensating for the e-pawn being somewhat weak. However:} 8. a4 $5 {Both
Kramnik, Anand and Giri played this in Paris/Leuven adding new life to White's
ambitions in this branch.}) 6. c3 a6 7. a4 Ba7 $5 (7... h6 {Kramnik chose this
himself as Black three times, and as always when regarding move orders one can
expect Kramnik to have thought things through.}) ({Maybe the most exiting was
Nakamura's choice:} 7... O-O $5 8. Re1 $6 Ba7 9. Nbd2 Ng4 $1 10. Re2 {Now it
looks like White with h3 next will push the black knight back, however after}
Kh8 11. h3 f5 $1 {Naka showed Black has a much more dynamic reply. Not willing
to open the f-file, Topalov played} 12. exf5 $5 Nxf2 13. Rxf2 Bxf2+ 14. Kxf2 d5
15. Bb3 Bxf5 {, but despite White actually winning the game, Black has an
overwhelming position. This led to Anand trying the idea 8.b4!? Ba7 9.Bg5
against Nakamura, and So 8.Bg5!? against Anand.}) 8. Na3 Ne7 $5 9. Nc2 O-O 10.
Be3 Bxe3 11. Nxe3 {Later in the blitz, the players had the same position with
colours reversed, and Magnus choose 11...a5, not allowing White to gain space
on the queenside.} Ng6 (11... a5 $5 12. Re1 Ng6 13. Bb3 c6 14. Bc2 Re8 15. d4
Qc7 {was the game, being rather equal.}) 12. a5 Ng4 13. h3 Nxe3 14. fxe3 Qe7
15. Qb3 c6 16. d4 Be6 {It looks like Black has equalised, but as can often be
seen in Magnus' games, small details can become substantial. White has more
space on the queenside, and also ...Ng6 can be said to have slightly less
potential than the knight on f3. Even so, Black should be confident about his
defence.} 17. Bxe6 fxe6 18. Rad1 Rae8 19. Qb4 $1 {Putting pressure on d6.} exd4
(19... Rf7 20. dxe5 Nxe5 21. Nxe5 dxe5 22. Qxe7 Rxf1+ 23. Kxf1 Rxe7 {of course
looks very symmetrical, but White has the idea of marching towards c5 with his
king, and Vishy understandably tries to defend more actively.}) 20. cxd4 e5 {
A standard move, but leading to a passive ending. But things were already
slightly unpleasant.} ({If} 20... d5 21. Qxe7 Rxe7 22. Nd2 {eyes c5 for the
knight,}) ({and also} 20... Rf7 21. Nd2 {keeps some pressure. Maybe not a lot,
but annoying and for Black it is difficult to completely equalise.}) 21. dxe5
dxe5 22. Qxe7 Rxe7 23. Rd6 {A logical move, but it's worth noting that the
computer suggests} (23. Kf2 $5 {simply centralising the king, maybe aiming for
the queenside, but also just keeping the tension, while improving his position.
Anyhow, nothing is wrong with the text move.}) 23... Nh8 24. Nd2 $6 {This
however is an inaccuracy, allowing Black to exchange rooks, which would have
made his defence easier.} ({Better was first} 24. Rd3 {, following it up with
Rfd1 and then Nd2, keeping an substantial edge.}) 24... Nf7 $6 25. Rd3 Ng5 26.
Rf5 h6 27. h4 Nh7 28. Nb3 {White now gets what he aimed for when playing move
likes Qb4, or to an extent, even a5. The knight settles on c5, dooming Black
to a passive defence.} Nf6 29. Nc5 Rff7 30. h5 ({The computer suggests} 30. Rf3
$5 {intending next to transfer the king to the queenside, which also looks
like a promising plan, but Magnus has his own idea:}) 30... Kh7 $2 {An
outright blunder, even if creating counterplay with ...g6 seems logical. But:}
31. Rd8 $1 {....basically creates zugzwang. If 31...Rc7 then 32.Ne6+-f8+ wins,
so Black has no choice, but to play the planned ...g6.} g6 32. hxg6+ Kxg6 33.
Rd6 $1 {Pinning Black, making it clear that Black's activity just created more
weaknesses.} Kg7 34. Ne6+ $1 Kg6 35. Nd8 $1 Rf8 36. g4 $1 {The final blow,
making the zugzwang complete. Black can not make a move without giving up
material, and maybe the last slight practical chance is by doing that
immediately with 36...Rxd8 37.Rxd8 Nxe4, even if White is clearly winning.} c5
37. b3 Ree8 38. Nxb7 {And Vishy resigned as c5 falls next, and then a6, while
counterplay is still nowhere in sight.} 1-0

[Event "Leuven GCT blitz"]
[Site "Leuven"]
[Date "2016.06.19"]
[Round "4"]
[White "Carlsen, Magnus"]
[Black "Vachier Lagrave, Maxime"]
[Result "0-1"]
[WhiteElo "2855"]
[BlackElo "2789"]
[Annotator "Besenthal,K"]
[PlyCount "74"]
[EventDate "2016.06.19"]
[EventType "tourn (blitz)"]
[EventRounds "18"]
[EventCountry "BEL"]
[EventCategory "22"]
[SourceTitle "CBM 173"]
[Source "ChessBase"]
[SourceDate "2016.07.12"]
[SourceVersion "1"]
[SourceVersionDate "2016.07.12"]
[SourceQuality "1"]

1. e4 c5 2. Nf3 d6 3. d4 cxd4 4. Qxd4 Nf6 5. Bb5+ Bd7 6. Bxd7+ Qxd7 7. c4 $6
Nc6 8. Qd3 Qg4 {Diagramm [#]} 9. Nc3 $6 (9. O-O {war besser geeignet, das
Bauernopfer zu rechtfertigen. Schwarz würde noch einen Haufen Zeit
investieren müssen, um 1. den Bauern zu schlagen und 2. seine Entwicklung zu
beenden. Derweil hätte Weiß bereits die Schwächen in der schwarzen Stellung
attackieren können, z.B. den Punkt b7.} Qxe4 (9... Nxe4 10. Be3 O-O-O 11. Nbd2
Nxd2 12. Qxd2 e5 13. Qd5 Qg6 14. Ng5 Rd7 15. f4) 10. Qb3 $13) 9... Qxg2 $1 10.
Rf1 Rc8 11. a3 g6 12. Bd2 Bg7 13. O-O-O O-O 14. Kb1 Qh3 15. Rg1 Rfe8 16. Rg3
Qe6 17. Ng5 Qd7 18. f4 Na5 19. c5 dxc5 20. Qf1 Nb3 21. Be3 Nd4 22. f5 Rf8 23.
Qh3 Rfd8 24. Rf1 Nh5 25. Rgg1 Nb5 26. Nd5 Nc7 {Diagramm [#] Mit diesem Zug
hatte Schwarz den Vorteil tatsächlich zunächst verspielt.} 27. Nxf7 $1 Nxd5
28. exd5 Qxd5 29. Bc1 $2 {Doch dann ließ dieser Fehlgriff Carlsens die Partie
wieder ein wenig in die schwarze Richtung kippen.} Qxf7 30. fxg6 Qd5 31. Rg5 $2
(31. gxh7+ $1 Kh8 32. Rg5 Qe4+ 33. Ka1 $15) 31... Qe4+ 32. Ka1 hxg6 33. Rfg1
Rc6 34. Qb3+ c4 35. Qxb7 c3 36. Rxg6 cxb2+ 37. Bxb2 Rc1+ 0-1

[Event "Leuven GCT blitz"]
[Site "Leuven"]
[Date "2016.06.19"]
[Round "6"]
[White "Carlsen, Magnus"]
[Black "Caruana, Fabiano"]
[Result "0-1"]
[WhiteElo "2855"]
[BlackElo "2804"]
[Annotator "Besenthal,K"]
[PlyCount "180"]
[EventDate "2016.06.19"]
[EventType "tourn (blitz)"]
[EventRounds "18"]
[EventCountry "BEL"]
[EventCategory "22"]
[SourceTitle "CBM 173"]
[Source "ChessBase"]
[SourceDate "2016.07.12"]
[SourceVersion "1"]
[SourceVersionDate "2016.07.12"]
[SourceQuality "1"]

1. d4 Nf6 2. c4 e6 3. Nc3 Bb4 4. Nf3 c5 5. g3 cxd4 6. Nxd4 Ne4 7. Qc2 Qa5 8.
Bg2 Nxc3 9. O-O Nc6 10. bxc3 Bxc3 11. Nb3 Nd4 12. Nxd4 Bxd4 13. Rb1 d6 14. Bb2
Bxb2 15. Qxb2 O-O 16. Rfd1 Rd8 17. Rd3 e5 18. Rbd1 Be6 19. Qxb7 Rab8 20. Rxd6
Rdc8 21. Qe7 Re8 22. Qh4 Qxa2 23. Bc6 Rf8 24. Qe7 h6 25. Rxe6 fxe6 26. Rd7 Qb1+
27. Kg2 Qg6 28. f3 Rb2 29. Kf2 Qf6 30. Rxa7 Rc2 31. Qxf6 Rxf6 32. Ra4 Rf7 33.
Be4 Rc1 34. Bg6 Rf8 35. h4 Rc8 36. Bd3 e4 {Diagramm [#]} 37. Bxe4 (37. fxe4 $1
$11 {Der Freibauer auf c4 war wohl wertvoller als der Besitz eines "guten"
Läufers. Aber eine solche Degradierung einer Figur zu einem besseren Bauern
ist natürlich gar nicht Carlsens Sache.}) 37... R1xc4 {Caruana kann jetzt
ganz bequem Gewinnversuche machen.} 38. Ra6 Kf7 39. h5 R4c7 40. Bg6+ Ke7 41. f4
Rc6 42. Ra2 Rc5 43. Kf3 Kf6 44. Kg4 e5 45. Bf5 R8c7 46. Ra8 exf4 47. gxf4 Rc1
48. Bg6 Rg1+ 49. Kf3 Re1 50. Rf8+ Ke6 51. Re8+ Kd6 52. Kg4 Re7 {Diagramm [#]}
53. Rd8+ $2 {Ohne ersichtlichen Grund gibt Carlsen den Be2 preis.} (53. Rxe7 $1
Kxe7 54. e4 $15) 53... Kc7 54. Rg8 R1xe2 55. Kf5 Rc2 56. Ra8 Rc5+ 57. Kg4 Kd6
58. Ra6+ Rc6 59. Ra4 Rec7 60. Rd4+ Ke7 61. Re4+ Kf6 62. Re8 Rc4 63. Rf8+ Ke7
64. Rf5 Kd6 65. Rf8 Re7 66. Kf5 Rc5+ 67. Kg4 Kd5 68. Rd8+ Kc4 69. Bd3+ Kc3 70.
Bg6 Rc4 71. Rd3+ Kb4 72. Rd8 Ra7 73. Bd3 Rc5 74. Bg6 Kc3 75. Rd3+ Kc4 76. Rd8
Rd5 77. Re8 Kd4 78. Re4+ Kc5 79. Re8 Rd4 80. Rc8+ Kb4 81. Rb8+ Kc3 82. Re8 Raa4
83. Rf8 Kd2 84. Kf3 Ra3+ 85. Kg4 Raa4 86. Kf3 Ra7 87. Kg4 Ra6 88. Kf5 Ke3 89.
Re8+ Kf3 {Diagramm [#] Den richtigen Plan hatte Caruana schon geraume Zeit
über im Kopf: Den Angriff gegen den Bf4 mit Unterstützung des eigenen
Königs.} 90. Rb8 $2 Rd5# 0-1

[Event "Leuven GCT blitz"]
[Site "Leuven"]
[Date "2016.06.19"]
[Round "8"]
[White "Carlsen, Magnus"]
[Black "So, Wesley"]
[Result "1-0"]
[WhiteElo "2855"]
[BlackElo "2770"]
[Annotator "Besenthal,K"]
[PlyCount "59"]
[EventDate "2016.06.19"]
[EventType "tourn (blitz)"]
[EventRounds "18"]
[EventCountry "BEL"]
[EventCategory "22"]
[SourceTitle "CBM 173"]
[Source "ChessBase"]
[SourceDate "2016.07.12"]
[SourceVersion "1"]
[SourceVersionDate "2016.07.12"]
[SourceQuality "1"]

1. d4 d5 2. c4 c6 3. Nf3 Nf6 4. e3 Bg4 5. Qb3 Qb6 6. Nc3 e6 7. Nh4 Bh5 8. h3
Be7 9. g4 Bg6 10. Nxg6 hxg6 11. Bg2 g5 12. O-O Nbd7 13. Rd1 Qc7 14. e4 Nxe4 15.
Nxe4 dxe4 16. Bxe4 Rd8 17. Bg2 O-O 18. Be3 Rfe8 19. Rac1 {Diagramm [#] Das
Läuferpaar und der Raumvorteil sichern Weiß die Initiative. Wie soll sich
Schwarz verhalten? Damentausch vermeiden, die totale Öffnung der Stellung
verhindern, ein gutes, zentrales Feld für den Springer finden, die
Damenflügelbauern gegen die Attacke der weißen Läufer absichern - machbar,
aber viel schwieriger als Carlsens Aufgabe, der sich nur zwischen c4-c5 und
d4-d5 entscheiden muss. So scheitert jedenfalls komplett an der Lösung dieser
Probleme.} Qb6 $2 (19... b6 20. d5 ({Oder} 20. Qa4 c5 21. d5 exd5 22. Rxd5 Ne5
$14) 20... exd5 21. cxd5 c5 22. d6 Bxd6 23. Bxg5 Be7) 20. d5 $1 Qxb3 21. axb3
exd5 22. cxd5 cxd5 23. Rxd5 {Diagramm [#] Das sieht bereits komplett verloren
aus, jedenfalls wenn ein Carlsen auf der anderen Seite des Brettes sitzt. Und
so kommt es dann auch innerhalb kürzester Zeit.} Bf6 24. Bxa7 Ne5 25. Rxd8
Rxd8 26. Bxb7 Nd3 27. Rd1 Nb4 $2 (27... Rd7 28. Be3 Rxb7 29. Rxd3 {hätte
erheblich mehr Widerstand geleistet.}) 28. Rxd8+ Bxd8 29. Be4 Bf6 30. Bc5 {
Jetzt geht gar noch der Springer verloren. Sang- und klanglos hat So aus einem
etwas schlechteren Mittelspiel in ein total verlorenes Endspiel abgewickelt.}
1-0

[Event "Bilbao Masters 9th"]
[Site "Bilbao"]
[Date "2016.07.22"]
[Round "9"]
[White "Carlsen, Magnus"]
[Black "Giri, Anish"]
[Result "1-0"]
[WhiteElo "2855"]
[BlackElo "2785"]
[Annotator "Pavlovic,M"]
[PlyCount "89"]
[EventDate "2016.07.13"]
[EventType "tourn"]
[EventRounds "10"]
[EventCountry "ESP"]
[EventCategory "22"]
[SourceTitle "CBM 174"]
[Source "ChessBase"]
[SourceDate "2016.09.13"]
[SourceVersion "1"]
[SourceVersionDate "2016.09.13"]
[SourceQuality "1"]

1. d4 d5 2. Bf4 {This system, a combination of London, Colle and similar ideas,
is getting popular nowadays.} Bf5 {I will give here one recent example:} (2...
c5 3. e3 Nc6 4. Nf3 e6 5. c3 Bd6 6. Bg3 Nf6 7. Nbd2 O-O 8. Bb5 {Recently this
move replaced the usual 8.Bd3.} Ne7 9. Bd3 Qb6 10. Rb1 Ng6 11. Bxg6 hxg6 12.
Bxd6 Qxd6 13. Ne5 b6 14. Qf3 Ba6 15. h4 Nd7 16. Nxd7 Qxd7 17. h5 g5 18. h6 f6
19. Qh5 Bd3 $132 {0-1 (38) Gelfand,B (2734)-Inarkiev,E (2730) Magas (rapid)
2016}) 3. e3 e6 4. Bd3 {The world champion is playing cautios.} (4. c4 Bxb1 5.
Qxb1 Bb4+ 6. Kd1 dxc4 7. Bxc4 Bd6 8. Bg3 c5 9. Bb5+ Kf8 10. Nf3 Bxg3 11. hxg3
Nf6 12. Qc2 cxd4 13. Nxd4 g6 14. Ke2 Kg7 15. Rac1 $14 {1-0 (70) Georgiev,K 
(2628)-Godena,M (2495) Padova 2014. This is just one example how the game may
continue.}) 4... Bxd3 5. Qxd3 c6 6. Nd2 Nf6 7. Ngf3 Be7 8. O-O O-O 9. h3 Nbd7
10. a4 c5 (10... a5 11. e4 dxe4 12. Nxe4 Nxe4 13. Qxe4 Qb6 14. c4 {with
similar play to the Slav Defence where White is doing the same thing with Bd3
and early exchange of the bishops.}) 11. a5 c4 {I am not so sure about this
move, after that White knows exactly what to do.} (11... Rc8 12. c3 Rc6 {
with balanced play.}) 12. Qe2 b5 13. axb6 axb6 14. Ne5 $1 {Of course, White's
play is straingtforward in a way.} Nxe5 (14... Qc8 15. e4 Rd8 16. c3 b5 17. Bg5
Qb7 {looks solid for Black, but so is White's position.}) 15. dxe5 Nd7 16. Qg4
Re8 (16... Qc7 17. Nf3 Kh8 18. h4 Ra5 19. h5 h6 20. Nd4 Rfa8 21. Rxa5 Rxa5 22.
Bg3 Ra2 23. f4 {Such type of play I guess Carlsen would do. The position is
interesting, perhaps easier to play with White.}) 17. h4 f5 (17... Rxa1 18.
Rxa1 Bxh4 19. Bh6 g6 20. Nf3 Be7 21. Ra7 $44) 18. Qh3 {With the idea to play
g4.} Rxa1 19. Rxa1 c3 $6 20. bxc3 Qc7 21. c4 Nxe5 $2 (21... dxc4 $13) 22. Qg3
$1 Bd6 (22... Bf6 23. Kh1 $1 {/\ Nf3}) 23. cxd5 (23. c5 $1 bxc5 24. Ra6 Rd8 25.
Rxd6 Qxd6 26. Bxe5 $16) 23... exd5 24. Nb3 {It is clear now that Black
misplayed the position somehow. White is better.} Qxc2 25. Nd4 Qc8 26. h5 Qd7
27. Rb1 Bc7 28. f3 Qf7 29. Ra1 Bd6 30. Ra6 Qxh5 31. Rxb6 Nc4 32. Rxd6 Nxd6 33.
Bxd6 $16 {White managed to take control of a game and result is two pieces
against rook where pieces are really at good places.} Rxe3 34. Be5 Qg6 35. Qf4
Re1+ 36. Kf2 Ra1 37. Qd2 Ra8 $2 (37... Qa6 $142) 38. Nxf5 $1 $18 Qe6 39. Qg5 g6
40. Nh6+ Kf8 41. Ng4 Ke8 42. Nf6+ Kf7 43. Nxh7 Ra4 44. Qd8 Ra2+ 45. Kg1 1-0

[Event "Bilbao Masters 9th"]
[Site "Bilbao"]
[Date "2016.07.23"]
[Round "10"]
[White "So, Wesley"]
[Black "Carlsen, Magnus"]
[Result "1/2-1/2"]
[WhiteElo "2770"]
[BlackElo "2855"]
[Annotator "CB"]
[PlyCount "75"]
[EventDate "2016.07.13"]
[EventType "tourn"]
[EventRounds "10"]
[EventCountry "ESP"]
[EventCategory "22"]
[SourceTitle "CBM 174"]
[Source "ChessBase"]
[SourceDate "2016.09.13"]
[SourceVersion "1"]
[SourceVersionDate "2016.09.13"]
[SourceQuality "1"]
[TimeControl "40/5400:3600+10"]

1. d4 Nf6 2. c4 e6 3. Nf3 d5 4. Nc3 Bb4 5. Bg5 h6 6. Bxf6 Qxf6 7. e3 O-O 8. Rc1
dxc4 9. Bxc4 c5 10. O-O cxd4 11. Nxd4 Bd7 12. Qb3 {danach verflacht die Partie
sehr schnell} (12. Ne4 {ist ein ambitionierterer Versuch} Qe7 13. Qh5 Nc6 14.
Nb3 Be8 15. a3 f5 16. Qe2 Bxa3 17. bxa3 fxe4 18. Nc5 Ne5 19. Ba2 Nf3+ 20. Kh1
Qh4 21. gxf3 Bh5 22. Bxe6+ Kh8 23. Bg4 exf3 24. Qb2 Bxg4 25. Rg1 Rf7 26. Qd4 h5
27. Nd3 Rd8 28. Qe4 Qe7 29. Qxe7 Rxe7 30. Nf4 Kh7 31. Rc5 g6 32. h3 Bf5 33.
Nxh5 Bxh3 34. Kh2 Bf5 35. Nf6+ Kh6 36. e4 Rf8 37. e5 b6 38. Rd5 Kg7 39. Kg3 Be6
40. Rh1 Bg8 41. Kf4 Rc8 42. Rd4 b5 43. Re1 a5 44. Kxf3 Rc3+ 45. Kf4 Rxa3 46.
Nxg8 Kxg8 47. e6 Ra4 48. Rxa4 bxa4 49. Ke5 Kg7 50. Kd6 Kf8 51. Rc1 Re8 52. Ke5
a3 53. Kf6 a2 54. Ra1 Rb8 55. f4 Rb4 56. f5 gxf5 57. Rxa2 Rh4 58. Rd2 Rh6+ 59.
Ke5 Rh1 60. Kd6 Ke8 61. Rg2 Rd1+ 62. Ke5 Rh1 63. Rg6 Ke7 64. Rg7+ Ke8 65. Kf6
Rh6+ 66. Ke5 Rh1 {1/2-1/2 (66) So,W (2762)-Hou,Y (2673) Wijk aan Zee 2015 CBM
165 [Ftacnik,L]}) 12... Nc6 13. Nxc6 Bxc3 14. Qxb7 (14. Rxc3 Bxc6 15. Bb5 Bd5
16. Bc4 Bc6 17. Bb5 Bd5 18. Bc4 {1/2-1/2 (18) Ivanchuk,V (2715)-Carlsen,M 
(2862) Wijk aan Zee 2015}) 14... Bxc6 15. Qxc6 Bxb2 16. Rc2 Rac8 17. Qa4 Rc7 {
Diagramm [#] Weiß hat aufgrund der etwas besser platzierten Figuren
"symbolischen Vorteil", doch die Stellung gibt freilich zu wenig her um den
Weltmeister unter Druck zu setzen} 18. Bd3 Rxc2 19. Bxc2 Rc8 20. Rd1 Qc3 21.
Bb3 Qc5 22. g3 Bf6 23. Rd7 Rc7 24. Rxc7 Qxc7 25. Qe8+ Kh7 26. h4 g6 27. Qa8 Kg7
28. Kg2 h5 29. Qe4 a5 30. Ba4 Qc5 31. Qb7 Qb4 32. Qxb4 axb4 33. Kf3 Bc3 34. Kg2
Be1 35. Kf1 Bc3 36. Kg2 Be1 37. Kf1 Bc3 38. Kg2 1/2-1/2